Statistiques concernant Culture Générale - Série 1879

Cliquez ici pour prendre le quiz!

Statistiques générales

  • Ce quiz a été pris 90 fois
  • Le résultat moyen est 5 sur 10

Statistiques - réponses

QuestionRéponse% Correct
Complétez ce dicton : "On me mélange pas les serviettes avec les ...torchons
93%
C'est un vieil escargot et un escalier.colimaçon
89%
Quel mois républicain est le titre d'un roman d'Emile Zola ?Germinal
79%
Dans quel département français se trouve la ville de Trappes ?Yvelines
56%
Dans la Rome antique, comment appelait-on l'ensemble des citoyens ?plèbe
54%
Dans quelle ville espagnole se trouve le tombeau de Christophe Colomb?Séville
52%
Quel célèbre cuisinier du roi Louis XIV se suicida avec son épée ?François Vatel
28%
Quel nom d'oiseau porte l'instrument pour crocheter les portes ?rossignol
28%
Dans le film "Le salaire de la peur" de Henri-Georges Clouzot de 1953, qui incarne "Jo" au côté d'Yves Montand ? voir photoCharles Vanel
26%
Quel mot anagramme "insulter" désigne une étoffe de coton brillante servant de doublure ?lustrine
8%

Distribution des résultats

Percentile par nombre de réponses

% des personnes avec chaque résultat

Votre développement - résultats

Vous n’avez pas pris ce quiz